000
00254nam a2200097Ia 4500
001
1206402
005
20251010143408.0
008
250824s9999 xx 000 0 und d
245
0
_a
AYRILIK SEVDAYA DAHİL
_c
ATTİLA İLHAN
260
_b
KÜLTÜR YAYINLARI
999
_c
1206402
_d
1206402